banner koha

Composição fitoquímica, efeito antiproliferativo e genotoxicidade do óleo essencial de alecrim (Rosmarinus officinalis) cultivado sob diferentes períodos de salinidade (Registro n. 301219)

MARC details
000 -LÍDER
fixed length control field 05264nab a2200397 i 4500
003 - CÓDIGO MARC DA AGÊNCIA CATALOGADORA
Campo de controle BR-BrBNA
005 - DATA E HORA DA ÚLTIMA ATUALIZAÇÃO
Campo de controle 20240913100701.0
008 - CAMPO DE TAMANHO FIXO
fixed length control field 240913b2020 bl.qr|pooa||| 00| 0 por |
040 ## - FONTE DA CATALOGAÇÃO
Agência catalogadora BR-BrBNA
Idioma da catalogação por
072 ## - CATEGORIA AGRIS
Código AGRIS F60
072 ## - CATEGORIA AGRIS
Código AGRIS F30
072 ## - CATEGORIA AGRIS
Código AGRIS P35
100 ## - ENTRADA PRINCIPAL - NOME PESSOAL
Nome pessoal Pinheiro, Suany Maria Gomes Pinheiro
100 ## - ENTRADA PRINCIPAL - NOME PESSOAL
Nome pessoal Mambrí, Ana Paula de Souza
100 ## - ENTRADA PRINCIPAL - NOME PESSOAL
Nome pessoal Frescura, Viviane Dal Souto
100 ## - ENTRADA PRINCIPAL - NOME PESSOAL
Nome pessoal Funk, Nadine Lysyk
100 ## - ENTRADA PRINCIPAL - NOME PESSOAL
Nome pessoal Kuhn, Andrielle Wouters
100 ## - ENTRADA PRINCIPAL - NOME PESSOAL
Nome pessoal Trapp, Kássia Cauana
100 ## - ENTRADA PRINCIPAL - NOME PESSOAL
Nome pessoal Andriolo, Jerônimo Luiz
100 ## - ENTRADA PRINCIPAL - NOME PESSOAL
Nome pessoal Boligon, Aline Augusti
100 ## - ENTRADA PRINCIPAL - NOME PESSOAL
Nome pessoal Silva, Cristiane de Bona da
100 ## - ENTRADA PRINCIPAL - NOME PESSOAL
Nome pessoal Tedesco, Solange Bosio
245 ## - TÍTULO PRINCIPAL
Título principal Composição fitoquímica, efeito antiproliferativo e genotoxicidade do óleo essencial de alecrim (Rosmarinus officinalis) cultivado sob diferentes períodos de salinidade
500 ## - NOTA GERAL
Nota geral Publicação on-line; 30 ref.; 4 tables; 1 illus.; Summaries (En, Pt)
942 ## - ADDED ENTRY ELEMENTS (KOHA)
Koha item type Analítica
520 ## - NOTA DE RESUMO
Nota de conteúdo <br/><br/>RESUMO: <br/><br/>Este estudo teve como objetivo, identificar a composição química do óleo essencial<br/>de alecrim cultivado em diferentes períodos de salinidade, bem como seu efeito antiproliferativo<br/>e genotóxico sobre o material genético de Allium cepa. As plantas foram cultivadas em abrigo<br/>de polietileno no departamento de Fitotecnia da Universidade Federal de Santa Maria, sob<br/>diferentes períodos de salinidade. Na testemunha (T1) foi utilizada condutividade elétrica<br/>de 1,0 dS/m e nos demais quatro tratamentos a condutividade elétrica da solução nutritiva<br/>foi de 5,0 dS/m. Em T2 as plantas ficaram submetidas à solução salina por um período de<br/>50 dias, em T3 por um período de 40 dias, em T4 e em T5 por períodos de 30 e 20 dias,<br/>respectivamente. Todas as plantas foram coletadas no dia 12 de dezembro de 2014, 190 dias<br/>após o plantio (DAP). Foi realizada extração de óleo das folhas por hidrodestilação em Clevenger<br/>e posteriormente realizada cromatografia gasosa. Os óleos essenciais foram avaliados quanto<br/>ao efeito antiproliferativo e genotóxico em células de A. cepa na concentração de 0,20%. Foram<br/>utilizados quatro bulbos de A. cepa, por tratamento. As preparações das lâminas foram feitas<br/>pela técnica de esmagamento e coradas com orceína acética 2%. Os dados foram submetidos<br/>ao teste de Sott-Knott (p<0,05). Os compostos majoritários do óleo essencial foram, cânfora,1,8<br/>cineol, verbenona, α-pineno e β-mirceno. E este óleo por sua vez, não se mostrou genotóxico<br/>e nem apresentou efeito antiproliferativo significativo, com exceção daquele obtido a partir das<br/>plantas que permaneceram por um maior período sob condições de salinidade, que inibiram a<br/>divisão celular, podendo assim aumentar interesse para a produção de fármacos.<br/><br/>Palavras-chave: Allium cepa; índice mitótico; alterações cromossômicas.
520 ## - NOTA DE RESUMO
Nota de conteúdo <br/><br/>ABSTRACT: <br/><br/>Phytochemical composition, antiproliferative effect and genotoxicity of<br/>rosemary (Rosmarinus officinalis) essential oil cultivated under different salinity periods.<br/>This study aimed to identify the chemical composition of essential oil of rosemary grown in<br/>different periods of salinity and its antiproliferative and genotoxic effect on the genetic material<br/>of Allium cepa. Plants were grown in polyethylene under the Department of Plant Science the<br/>Federal University of Santa Maria, in different periods of salinity. In the control (T1) was used<br/>an electric conductivity of 1.0 dS/m and the other four treatments the electrical conductivity of<br/>the nutrient solution was 5.0 dS/m. T2 plants were submitted to the salt solution for a period of<br/>50 days, at T3 for a period of 40 days, in T4 and T5 for periods of 30 and 20 days, respectively.<br/>All plants were collected on December 12, 2014, 190 days after planting (DAP). The Extraction<br/>of oil from the leaf by hydrodistillation in Clevenger was performed and then performed gas<br/>chromatography. The essential oils were evaluated for antiproliferative and genotoxic effects at A. <br/>cepa cells at a concentration of 0.20%. Was used four A. cepa. bulbs per treatment. The<br/>preparations the blades were made by of the crushing technique and stained with 2% acetic<br/>orcein. The data were submitted to the test Sott-Knott (p <0.05). The majority compounds of the<br/>essential oil were camphor, 1.8 cineol, verbenone, α-pinene, and β-myrcene. This oil in turn was<br/>not genotoxic and not showed significant antiproliferative effect, except than that was obtained<br/>from the plants have remained for a longer period under saline conditions which inhibit cell<br/>division, and may thereby increase interest for the production of pharmaceuticals.<br/><br/>Key words: Allium cepa; mitotic index; chromosomal alterations<br/>
650 ## - ASSUNTO - THESAGRO
Cabeçalho tópico ou nome geográfico ALLIUM CEPA
650 ## - ASSUNTO - THESAGRO
Cabeçalho tópico ou nome geográfico CROMOSSOMA
650 ## - ASSUNTO - THESAGRO
Cabeçalho tópico ou nome geográfico COMPOSIÇÃO QUÍMICA
650 ## - ASSUNTO - THESAGRO
Cabeçalho tópico ou nome geográfico TOXIDEZ
650 ## - ASSUNTO - THESAGRO
Cabeçalho tópico ou nome geográfico SALINIDADE
773 0# - ENTRADA ANALÍTICA
Host Biblionumber 3543
Registro do item 318027
Imprenta Botucatu-SP Instituto de Biociências - Departamento de Química e Bioquímica 1998
Outro identificador 2024-4761
Título Revista Brasileira de Plantas Medicinais (Brazil)
ISSN 1516-0572
Colação v. 22(1) p. 17-24; (2020)
Número de controle de registro BR2024002576
856 ## - ACESSO E ENDEREÇO ELETRÔNICO
Identificador uniforme de recurso - URI http://www.sbpmed.org.br/admin/files/papers/file_4PNzfLnqeG57.pdf

Nenhum exemplar disponível.

BINAGRI

Telefone: (61)3218-2567/2388/3357/2097 - binagri@agro.gov.br

Ministério da Agricultura e Pecuária , Esplanada dos Ministérios, Bloco D, Anexo B, Brasília/DF, CEP: 70.043-900